00491nam a2200181Ia 4500003000400000005001700004008004000021040000700061041001200068082001600080100005000096245007600146260003800222300001300260650001300273650001300286650001000299OSt20251111112822.0210210b2007 xxu||||| |||| 00| 0 eng d cAL aKannada aK894.9 HEGS aHEGADE (G M)dಹೆಗಡೆ (ಜಿಎಂ) aSahitya krati sanchayabಸಾಹಿತ್ಯ ಕೃತಿ ಸಂಚಯ aDharwadbRanjana Prakashanac2007 aviii,276 asanchaya aSahithya akrati